000 00637nam a2200265Ia 4500
005 20260121171759.0
008 008 260114s9999 xx 000 0 eng d
020 _a9783030326180
037 _aEBOOK
040 _aCRL
040 _beng
040 _cCRL
041 _2eng
041 _aeng
084 _qCRL
100 _aTiziana Andina, Petar Bojani?
_91080363
245 0 _aInstitutions in Action
260 _bSpringer
260 _bSpringer
260 _c2020
856 _uhttps://link.springer.com/openurl?genre=book&isbn=978-3-030-32618-0
942 _cEBOOK
999 _c1646096
_d1646096